| 000 | 00432pam a2200169 a 4500 | ||
|---|---|---|---|
| 020 | _a0314798854 | ||
| 040 | _cDLC | ||
| 082 | 0 | 0 | _a530 WES 1991 A027 Or. |
| 100 | 1 | _aOstdiek, Vern J. | |
| 245 | 1 | 0 | _aInquiry into physics / |
| 250 | _a2nd ed. | ||
| 260 |
_aSt. Paul : _bWest Pub. Co., _cc1991. |
||
| 300 |
_a1 v. (various pagings) : _bill. (some col.) ; _c26 cm. |
||
| 650 | 0 | _aPhysics. | |
| 700 | 1 | _aBord, Donald J. | |
| 942 | _cEK | ||
| 999 |
_c13768 _d13768 |
||